000 00554nam a22001817a 4500
003 AUA.1
005 20251119125947.0
008 250711b |||||||| |||| 00| 0 eng d
040 _cJTL
100 _aMapa, Collen
245 _aAn Adventist response to Elizabeth Mburu's African hermeneutical principles /
_cCollen Mapa.
260 _cc2025.
300 _avii, 68 leaves :
_bIllustrations :
_c30cm.
600 _aMburu, Elizabeth
650 _aHermeneutics
650 _aBible—Hermeneutics
942 _2aua
_cTHESIS
_hMABTS
_i.M37 2025
999 _c25195
_d25195